000 00647nam a2200205 4500
005 20240722170043.0
010 _aENG-140930
020 _a9789355010919
_c1499.00
035 _aEN-124462
037 _bDBAD
082 _a574.87
_214
100 _aVerma, PS
_968723
245 _aCell Biology, Genetics, Moleculer Biology, Evolution and Ecology/
_cBy PS Verma [and] VK Agarwal
250 _a14
260 _aNew Delhi
_bS Chand And Company Limited
_c2022
270 _a7361, Ram Nagar, Qutab Road
_bNew Delhi
_e110055
300 _avpp.
_bIndex
_c25cm(pbk)
700 _aAgarwal, VK
_968724
942 _2ddc
_cEN
_h574.87
_mVER
999 _c204279
_d204279